00337nam a2200097Ia 4500008004100000020001500041100001800056245010700074260003900181300001900220180205s9999 xx 000 0 und d a1558508376 aPigeon, Annie 4aThe national standardized Mom test :bthe definite exam that proves just how good a mom you really are aUSAbAdams media corporationc1998 avii, 130 pages